00361nam a2200145Ia 4500008004100000020001800041041000800059082001700067100001700084245003800101250000600139260004500145300001300190650001200203210716s1984 xx 000 0 und d a9780195651317 aeng a332.153 SENA aSen, Amartya aResources values and development. a1 aNew DelhibOxford University Pressc1984 aviii,547 aFinance